Costa Rica: la modernización capitalista de Guanacaste y el caso de la vivienda rural /
Análisis de la vivienda rural, la modernización capitalista del guanacaste (provincia de Costa Rica) y las políticas estatales en vivienda rural, en Costa Rica. El documento consta de tres partes en que se analiza: vivienda rural en general y el problema de la vivienda rural para los sectores social...
Uloženo v:
| Hlavní autor: | |
|---|---|
| Korporativní autor: | |
| Další autoři: | , , , , , , |
| Médium: | Text |
| Vydáno: |
San José:
Universidad de Costa Rica
|
| Témata: | |
| Tagy: |
Přidat tag
Žádné tagy, Buďte první, kdo vytvoří štítek k tomuto záznamu!
|
MARC
| LEADER | 00000 a a2200000 04500 | ||
|---|---|---|---|
| 001 | 20018 | ||
| 003 | |||
| 040 | |||
| 090 | |a 081900 | ||
| 100 | |a Ducoudray, Louis | ||
| 110 | |a Universidad de Costa Rica. Escuela de Arquitectura | ||
| 245 | |a Costa Rica: la modernización capitalista de Guanacaste y el caso de la vivienda rural / |c Louis Ducoudray | ||
| 260 | |a San José: |b Universidad de Costa Rica | ||
| 300 | |a 341 p | ||
| 520 | |a Análisis de la vivienda rural, la modernización capitalista del guanacaste (provincia de Costa Rica) y las políticas estatales en vivienda rural, en Costa Rica. El documento consta de tres partes en que se analiza: vivienda rural en general y el problema de la vivienda rural para los sectores sociales de bajos ingresos en el campo, específicamente en Guanacaste. el proceso de modernización de la estructura productiva de esa provincia y las soluciones planeadas al problema de la vivienda rural por parte del estado costarricense. jmml | ||
| 650 | |a VIVIENDA | ||
| 650 | |a POLITICA DE VIVIENDA | ||
| 650 | |a ESTADO | ||
| 650 | |a CAPITALISMO | ||
| 650 | |a ESTRUCTURA ECONOMICA | ||
| 650 | |a ECONOMIA AGRICOLA | ||
| 650 | |a VIVIENDA RURAL | ||
| 700 | |a Lungo Uclés, Mario | ||
| 700 | |a Valdez, Mario | ||
| 700 | |a Vaquerano, Sebastian | ||
| 700 | |a Richards, Edgardo | ||
| 700 | |a Morgan, Daniel | ||
| 700 | |a Carcanholo Fogaca, Reinaldo Antonio | ||
| 700 | |a Tossatti, Alessandro | ||
| 999 | |c 16359 |d 16359 | ||
